Tabare /

Guardado en:
Autor Principal: Zorrilla De San Martín, Juan
Formato: Libro
Publicado: Buenos Aires : Kapelusz, 1967
Edición:2a. ed.
Materias:
Etiquetas: Agregar Etiqueta
Sin Etiquetas, Sea el primero en etiquetar este registro!
LEADER 00822nam a22002295a 4500
001 CEM.cems006764
005 20101203120740.0
008 130507s1967##################000#0#####d
003 CEMS
082 0 4 |a U861.2 
100 1 |a Zorrilla De San Martín, Juan 
245 1 0 |a Tabare /  |c Juan Zorrilla de San Martín 
250 |a 2a. ed. 
260 |a Buenos Aires :  |b Kapelusz,  |c 1967 
300 |a 233 p. 
653 |a Literatura 
653 |a Literatura hispanoamericana 
859 |a CEMS  |b BIB. CEMS - 11 de abril  |h U861.2  |i Z78a2  |p 3935.75  |t Ej.1 
859 |a CEMS  |b BIB. CEMS - 11 de abril  |h U861.2  |i Z78a2  |p 3936.75  |t Ej.2 
859 |a CEMS  |b BIB. CEMS - 11 de abril  |h U861.2  |i Z78a2  |p 3937.75  |t Ej.3 
859 |a CEMS  |b BIB. CEMS - 11 de abril  |h U861.2  |i Z78a2  |p 3938.75  |t Ej.4 
859 |a CEMS  |b BIB. CEMS - 11 de abril  |h U861.2  |i Z78a2  |p 3939.75  |t Ej.5